[Event "AUTO-ADV-2764"]
[Site "http://www.queenalice.com/game.php?id=1153241"]
[Date "2013.2.18"]
[Round "1"]
[White "princesher"]
[Black "Markim"]
[Result "0-1"]
[WhiteElo "1778"]
[BlackElo "1920"]

1. e4 e5 2. Nf3 Nf6 3. d3 Nc6 4. c3 Bc5 5. b4 Bb6 6. Bg5 d6 7. Bxf6 Qxf6 8. Be2
O-O 9. a4 a5 10. b5 Ne7 11. h3 c6 12. bxc6 bxc6 13. Na3 d5 14. exd5 cxd5 15. d4
e4 16. Nh2 e3 17. fxe3 Qh4+ 18. Kd2 Nf5 19. Nf3 Qe4 20. Nc2 Re8 21. Bd3 Qe7 22.
Bxf5 Bxf5 23. Re1 Qe4 24. Kc1 Rac8 25. g4 Bg6 26. Ra3 Bc7 27. Nd2 Qg2 28. Qf3
Qh2 29. Rh1 Qd6 30. Rb3 Qc6 31. Na3 Qxa4 32. Re1 Bd6 33. Nb5 Bb4 34. Qxd5 Qa1+
35. Nb1 Bxc3 36. Nxc3 Bxb1 37. Kd2 Rxc3 38. Rxc3 Qb2+ 39. Kd1 Qxc3 40. Re2 Bd3
41. Ra2 Rc8 42. Rc2 Qxc2+ 0-1

[Event "AUTO-MASTER-1833"]
[Site "http://www.queenalice.com/game.php?id=1159266"]
[Date "2013.3.9"]
[Round "1"]
[White "Markim"]
[Black "luciopac"]
[Result "0-1"]
[WhiteElo "1813"]
[BlackElo "2173"]

1. Nc3 d5 2. e4 d4 3. Nce2 e5 4. Nf3 f6 5. Ng3 Nh6 6. Bc4 Qd6 7. O-O Be6 8. Bxe6
Qxe6 9. d3 Nf7 10. c3 c5 11. cxd4 cxd4 12. Ne1 Nc6 13. f4 exf4 14. Bxf4 Bd6 15.
Bxd6 Nxd6 16. Qh5+ Qf7 17. Qe2 O-O 18. Nf3 Qd7 19. Qf2 Rac8 20. Nxd4 Nxe4 21.
dxe4 Qxd4 22. Qxd4 Nxd4 0-1

[Event "AUTO-MASTER-1833"]
[Site "http://www.queenalice.com/game.php?id=1159267"]
[Date "2013.3.9"]
[Round "1"]
[White "luciopac"]
[Black "Markim"]
[Result "1-0"]
[WhiteElo "2204"]
[BlackElo "1934"]

1. e4 e5 2. Nf3 Nf6 3. Nxe5 d6 4. Nf3 Nxe4 5. d4 d5 6. Bd3 Bd6 7. O-O O-O 8. c4
c6 9. c5 Bc7 10. Nc3 Re8 11. h3 Nd7 12. Be3 Ndf6 13. Ng5 h6 14. Ngxe4 Nxe4 15.
Nxe4 dxe4 16. Bc4 Be6 17. Rc1 Bxc4 18. Rxc4 Qd5 19. b3 1-0

[Event "AUTO-MASTER-1833"]
[Site "http://www.queenalice.com/game.php?id=1159268"]
[Date "2013.3.9"]
[Round "1"]
[White "Markim"]
[Black "jovelino"]
[Result "0-1"]
[WhiteElo "1796"]
[BlackElo "2107"]

1. Nc3 c5 2. f4 Nc6 3. e4 g6 4. Nf3 Bg7 5. Bc4 e6 6. d3 Nge7 7. O-O d5 8. Bb5 d4
9. Ne2 a6 10. Bxc6+ Nxc6 11. a3 O-O 12. Qe1 b5 13. Ng5 h6 14. Nf3 f5 15. Qg3 Kh7
16. Nh4 Qe8 17. Kh1 fxe4 0-1

[Event "AUTO-MASTER-1833"]
[Site "http://www.queenalice.com/game.php?id=1159269"]
[Date "2013.3.9"]
[Round "1"]
[White "jovelino"]
[Black "Markim"]
[Result "1-0"]
[WhiteElo "2104"]
[BlackElo "1800"]

1. e4 e5 2. Nf3 Nc6 3. Bb5 Nf6 4. O-O Nxe4 5. Re1 Nf6 6. Bxc6 dxc6 7. Rxe5+ Be7
8. Qe1 h6 9. c3 Be6 10. Nd4 Bd7 11. b3 c5 12. Ba3 b6 13. d3 Kf8 14. Nf5 Bxf5 15.
Rxf5 Qxd3 16. Rf3 Qe4 17. Re3 1-0

[Event "AUTO-MASTER-1833"]
[Site "http://www.queenalice.com/game.php?id=1159270"]
[Date "2013.3.9"]
[Round "1"]
[White "Markim"]
[Black "MikeDoherty"]
[Result "0-1"]
[WhiteElo "1943"]
[BlackElo "2125"]

1. e4 c5 2. d4 cxd4 3. c3 dxc3 4. Nxc3 d6 5. Nf3 Nd7 6. Bc4 Ngf6 7. O-O e6 8.
Nb5 Nb6 9. Bb3 Nxe4 10. Re1 Bd7 11. Rxe4 Bxb5 0-1

[Event "AUTO-MASTER-1833"]
[Site "http://www.queenalice.com/game.php?id=1159271"]
[Date "2013.3.9"]
[Round "1"]
[White "MikeDoherty"]
[Black "Markim"]
[Result "1-0"]
[WhiteElo "2146"]
[BlackElo "1866"]

1. e4 e5 2. Nf3 Nf6 3. Nxe5 d6 4. Nf3 Nxe4 5. Bd3 Nf6 6. O-O Be6 7. Re1 Be7 8.
Ng5 Bg4 9. f3 Bh5 10. Qe2 Nc6 11. Bb5 h6 12. Nh3 g5 13. Nf2 Rg8 14. g4 Bg6 15.
Nc3 Qd7 16. d4 d5 17. Bd2 Kf8 18. Bxc6 bxc6 19. h4 gxh4 20. Bxh6+ 1-0

[Event "AUTO-ADV-2783"]
[Site "http://www.queenalice.com/game.php?id=1159754"]
[Date "2013.3.10"]
[Round "1"]
[White "Corvidae"]
[Black "Markim"]
[Result "1-0"]
[WhiteElo "1893"]
[BlackElo "1861"]

1. b3 e5 2. Bb2 Nc6 3. e3 d5 4. Bb5 Bd6 5. Nf3 Bg4 6. h3 Bh5 7. g4 Bg6 8. Bxe5
Bxe5 9. Nxe5 Qf6 10. d4 Ne7 11. Nc3 a6 12. Bxc6+ bxc6 13. Na4 h5 14. Qe2 hxg4
15. Nxg4 Qd6 16. Nc5 Bh5 17. f3 Bxg4 18. fxg4 Ng6 19. O-O-O a5 20. a4 Kf8 21.
Rdf1 1-0

[Event "AUTO-ADV-2783"]
[Site "http://www.queenalice.com/game.php?id=1159755"]
[Date "2013.3.10"]
[Round "1"]
[White "Markim"]
[Black "Corvidae"]
[Result "0-1"]
[WhiteElo "1846"]
[BlackElo "1908"]

1. e4 c5 2. d4 cxd4 3. c3 dxc3 4. Nxc3 Nc6 5. Nf3 e6 6. Bc4 a6 7. Qe2 Nge7 8.
Bf4 Ng6 9. Bg3 Be7 10. O-O b5 11. Bb3 O-O 12. Rfd1 d6 13. Rac1 Ra7 14. Nxb5 axb5
15. Rxc6 Bd7 16. Rcc1 e5 17. Rd2 Qb8 18. Rcd1 Rc8 19. Nxe5 Nxe5 20. Bxe5 dxe5
0-1

[Event "AUTO-ADV-2783"]
[Site "http://www.queenalice.com/game.php?id=1159766"]
[Date "2013.3.10"]
[Round "1"]
[White "NatanEstivallet"]
[Black "Markim"]
[Result "1-0"]
[WhiteElo "1928"]
[BlackElo "1811"]

1. e4 e5 2. Nf3 Nc6 3. Bb5 Nf6 4. Ng5 h6 5. Nf3 Nxe4 6. O-O d6 7. d4 Bd7 8. Bxc6
Bxc6 9. dxe5 dxe5 10. Nxe5 Qxd1 11. Rxd1 Bc5 12. Nxc6 Bxf2+ 13. Kf1 bxc6 14. Bf4
Bb6 15. Nd2 Nxd2+ 16. Rxd2 O-O 17. Rad1 g5 18. Be5 f6 19. Bg3 1-0

[Event "AUTO-ADV-2783"]
[Site "http://www.queenalice.com/game.php?id=1159767"]
[Date "2013.3.10"]
[Round "1"]
[White "Markim"]
[Black "NatanEstivallet"]
[Result "0-1"]
[WhiteElo "1929"]
[BlackElo "1908"]

1. e4 c5 2. d4 Nf6 3. e5 Nd5 4. c4 Nb4 5. dxc5 Qa5 6. Nc3 e6 7. Be3 Bxc5 8. Bxc5
Qxc5 9. Nf3 N8c6 10. a3 Na6 11. b4 Ncxb4 12. axb4 Nxb4 13. Bd3 Nxd3+ 14. Qxd3 h6
15. O-O O-O 16. Ne4 Qc7 17. Rfd1 b6 0-1

[Event "AUTO-ADV-2783"]
[Site "http://www.queenalice.com/game.php?id=1159774"]
[Date "2013.3.10"]
[Round "1"]
[White "Markim"]
[Black "BboyH"]
[Result "1-0"]
[WhiteElo "1930"]
[BlackElo "1851"]

1. e4 c5 2. d4 cxd4 3. c3 dxc3 4. Nxc3 d6 5. Nf3 e5 6. Bc4 h6 7. Nxe5 Be6 8.
Bxe6 fxe6 9. Qh5+ g6 10. Qxg6+ Ke7 11. Qf7# 1-0

[Event "AUTO-ADV-2783"]
[Site "http://www.queenalice.com/game.php?id=1159775"]
[Date "2013.3.10"]
[Round "1"]
[White "BboyH"]
[Black "Markim"]
[Result "1-0"]
[WhiteElo "1820"]
[BlackElo "1907"]

1. d4 Nf6 2. Nc3 c5 3. d5 d6 4. e4 g6 5. Bg5 Bg7 6. Bd3 Nbd7 7. Nf3 a6 8. O-O b5
9. a3 O-O 10. h3 Rb8 11. b4 Qb6 12. Be3 Nxe4 13. Nxe4 Bxa1 14. Qxa1 a5 15. Bh6
f6 16. Bxf8 1-0